000 00300nam a22001337a 4500
008 170328b xxu||||| |||| 00| 0 eng d
020 _a0397506570
041 _aeng
080 _a615.83
100 _a8
101 _aSHM
245 _aA FUNCTIONAL APROACH TO GROUP WORK
_cHOWE.M.C
942 _2udc
_cBK
999 _c8842
_d8842